پیر کامل ﷺ (Record no. 554372)

000 -LEADER
fixed length control field 00471cam a22001697i 4500
020 ## - INTERNATIONAL STANDARD BOOK NUMBER
International Standard Book Number 9690018868 (v. 1)
020 ## - INTERNATIONAL STANDARD BOOK NUMBER
International Standard Book Number 9789690025456 (v. 2)
082 ## - DEWEY DECIMAL CLASSIFICATION NUMBER
Classification number 891.4392
Author Mark AHM
-- N-02,P-100
100 1# - MAIN ENTRY--PERSONAL NAME
Personal name Aḥmad, ʻUmairah,
9 (RLIN) 2545
245 10 - TITLE STATEMENT
Title پیر کامل ﷺ
Statement of responsibility, etc. ʻUmairah Aḥmad.
260 ## - PUBLICATION, DISTRIBUTION, ETC.
Place of publication, distribution, etc. 525p.
300 ## - PHYSICAL DESCRIPTION
Extent volumes <1-2> ;
Dimensions 22 cm
500 ## - GENERAL NOTE
General note Novel.
526 ## - STUDY PROGRAM INFORMATION NOTE
Program name 0
Interest level 0
Reading level 0
Title point value 891_439200000000000_AHM
650 ## - SUBJECT ADDED ENTRY--TOPICAL TERM
Topical term or geographic name entry element Urdu Adab
Topical term following geographic name entry element Urdu books
9 (RLIN) 51828
942 ## - ADDED ENTRY ELEMENTS (KOHA)
Source of classification or shelving scheme
Koha item type Book
Holdings
Withdrawn status Lost status Source of classification or shelving scheme Damaged status Not for loan Permanent Location Current Location Date acquired Total Checkouts Full call number Barcode Date last seen Price effective from Koha item type
          Military College of Engineering (MCE) Military College of Engineering (MCE) 06/25/2020   891.4392 AHM MCE-51458 06/25/2020 06/25/2020 Book
© 2023 Central Library, National University of Sciences and Technology. All Rights Reserved.